The Canterbury tales / (Record no. 173359)
[ view plain ]
| 000 -LEADER | |
|---|---|
| fixed length control field | 01616cam a2200385 a 4500 |
| 001 - CONTROL NUMBER | |
| control field | 4465960 |
| 003 - CONTROL NUMBER IDENTIFIER | |
| control field | Nust |
| 005 - DATE AND TIME OF LATEST TRANSACTION | |
| control field | 20180719092227.0 |
| 008 - FIXED-LENGTH DATA ELEMENTS--GENERAL INFORMATION | |
| fixed length control field | 951214s1995 enka j 000 1 eng |
| 010 ## - LIBRARY OF CONGRESS CONTROL NUMBER | |
| LC control number | 95234683 |
| 020 ## - INTERNATIONAL STANDARD BOOK NUMBER | |
| International Standard Book Number | 0140380531 (pbk.) |
| Terms of availability | Rs. 200 |
| 020 ## - INTERNATIONAL STANDARD BOOK NUMBER | |
| International Standard Book Number | 9780140380531 |
| 038 ## - RECORD CONTENT LICENSOR | |
| Staff Name | Arshad |
| 040 ## - CATALOGING SOURCE | |
| Original cataloging agency | DLC |
| Transcribing agency | DLC |
| Modifying agency | DLC |
| 042 ## - AUTHENTICATION CODE | |
| Authentication code | lcac |
| 050 00 - LIBRARY OF CONGRESS CALL NUMBER | |
| Classification number | PR1872 |
| Item number | .M28 1984 |
| 082 00 - DEWEY DECIMAL CLASSIFICATION NUMBER | |
| Classification number | 821.1 |
| Author Mark | CHA |
| 100 1# - MAIN ENTRY--PERSONAL NAME | |
| Personal name | McCaughrean, Geraldine. |
| 9 (RLIN) | 11858 |
| 245 14 - TITLE STATEMENT | |
| Title | The Canterbury tales / |
| Statement of responsibility, etc. | [retold by] Geraldine McCaughrean ; illustrated by Victor G. Ambrus. |
| 260 ## - PUBLICATION, DISTRIBUTION, ETC. | |
| Place of publication, distribution, etc. | Oxford [Oxfordshire] : |
| Name of publisher, distributor, etc. | Oxford University Press, |
| Date of publication, distribution, etc. | 1984, |
| 300 ## - PHYSICAL DESCRIPTION | |
| Extent | 116 p. : |
| Other physical details | col. ill. ; |
| Dimensions | 29 cm. |
| 520 ## - SUMMARY, ETC. | |
| Summary, etc. | An illustrated retelling of Geoffrey Chaucer's famous work in which a group of pilgrims in fourteenth-century England tell each other stories as they travel on a pilgrimage to the cathedral at Canterbury. |
| 600 10 - SUBJECT ADDED ENTRY--PERSONAL NAME | |
| Personal name | Chaucer, Geoffrey, |
| Dates associated with a name | -1400 |
| General subdivision | Adaptations. |
| 9 (RLIN) | 11859 |
| 600 11 - SUBJECT ADDED ENTRY--PERSONAL NAME | |
| Personal name | Chaucer, Geoffrey, |
| Dates associated with a name | d. 1400 |
| General subdivision | Adaptations. |
| 9 (RLIN) | 11860 |
| 650 #0 - SUBJECT ADDED ENTRY--TOPICAL TERM | |
| Topical term or geographic name entry element | Christian pilgrims and pilgrimages |
| Geographic subdivision | England |
| -- | Canterbury |
| General subdivision | Juvenile fiction. |
| 9 (RLIN) | 11861 |
| 650 #0 - SUBJECT ADDED ENTRY--TOPICAL TERM | |
| Topical term or geographic name entry element | Middle Ages |
| General subdivision | Juvenile fiction. |
| 9 (RLIN) | 11862 |
| 650 #0 - SUBJECT ADDED ENTRY--TOPICAL TERM | |
| Topical term or geographic name entry element | Children's stories, English. |
| 9 (RLIN) | 11694 |
| 650 #1 - SUBJECT ADDED ENTRY--TOPICAL TERM | |
| Topical term or geographic name entry element | Middle Ages |
| General subdivision | Fiction. |
| 9 (RLIN) | 11863 |
| 650 #1 - SUBJECT ADDED ENTRY--TOPICAL TERM | |
| Topical term or geographic name entry element | Short stories. |
| 9 (RLIN) | 1396 |
| 700 1# - ADDED ENTRY--PERSONAL NAME | |
| Personal name | Ambrus, Victor G., |
| Relator term | ill. |
| 9 (RLIN) | 11864 |
| 700 1# - ADDED ENTRY--PERSONAL NAME | |
| Personal name | Chaucer, Geoffrey, |
| Dates associated with a name | -1400. |
| Title of a work | Canterbury tales. |
| Form subheading | Selections. |
| 9 (RLIN) | 11865 |
| 906 ## - LOCAL DATA ELEMENT F, LDF (RLIN) | |
| a | 7 |
| b | cbc |
| c | orignew |
| d | 2 |
| e | ncip |
| f | 19 |
| g | y-gencatlg |
| 942 ## - ADDED ENTRY ELEMENTS (KOHA) | |
| Source of classification or shelving scheme | |
| Koha item type | Book |
| Withdrawn status | Lost status | Source of classification or shelving scheme | Damaged status | Not for loan | Collection code | Permanent Location | Current Location | Shelving location | Date acquired | Total Checkouts | Total Renewals | Full call number | Barcode | Date last seen | Date last checked out | Copy number | Price effective from | Koha item type |
|---|---|---|---|---|---|---|---|---|---|---|---|---|---|---|---|---|---|---|
| Central Library (CL) | Central Library (CL) | Fiction | 01/23/2017 | 2 | 1 | 821.1 MCC | CL1110 | 10/20/2022 | 08/25/2022 | 1 | 01/23/2017 | Book |
